| 000 | 00777nam a2200217 a 4500 | ||
|---|---|---|---|
| 008 | 951123s1982||||[C 0 slo c | ||
| 020 |
_c150 Kčs. _q(60000 výtl.) |
||
| 040 |
_aSNK _bslo _cSNK _eAACR2 |
||
| 041 | 1 |
_aslo _hslo |
|
| 080 | _a908.437.6(031) | ||
| 080 | _a03(437.6) | ||
| 245 | 1 | 0 |
_aEncyklopédia Slovenska VI. zväzok T-Ž _bSúhrn poznatkov o minulosti a prítomnosti Slovenska ; Milan Veselý, Oto Takáč |
| 250 | _a1., vyd. | ||
| 260 |
_aBratislava _bVeda _c1982 _eBratislava _fSvornosť |
||
| 300 |
_a853 s., 208,25 AH _bFareb. a čiernob. fot. Tb. Mp. _c27 cm |
||
| 500 | _aZozn. skr. a obcí. Opr. Fareb. príl. a prebal vytl. Tlačiarne SNP, Martin. | ||
| 700 | 1 |
_aVeselý, Milan _4bkd |
|
| 700 | 1 |
_aTakáč, Oto _4bkd |
|
| 044 |
_axo _cSK |
||
| 958 | _aA | ||
| 999 |
_c19272 _d19272 |
||